000 00766nam a2200241Ia 4500
003 OSt
005 20220927105015.0
006 a|||||r|||| 00| 0
007 ta
008 220926b |||||||| |||| 00| 0 eng d
024 _a154872
037 _cReference Collections
040 _aRTL
_cRTL
_beng
041 _2eng
_aeng
082 _a"2 : 84 . 2 . N72, L2 . 2 (7)"
110 _a"AMERICA , LIBRARY OF CONGRESS"
_9369309
245 0 _aAcessions list India .
260 _aNew
_bDelhi American libraries book procurement centre
_c1972
300 _a385 - 970
_ccm.
700 _a"AMERICA , LIBRARY OF CONGRESS"
_9369310
942 _h"2 : 84 . 2 . N72, L2 . 2 (7)"
_cCC
999 _c690154
_d690154